[Event "Kavala op-A 21st"]
[Site "Kavala"]
[Date "2012.07.25"]
[Round "1"]
[White "Galopoulos, Panagiotis"]
[Black "Jankovic, Alojzije"]
[Result "0-1"]
[WhiteElo "2148"]
[BlackElo "2543"]
[PlyCount "52"]
[EventDate "2012.07.25"]
[EventType "swiss"]
[EventRounds "9"]
[EventCountry "GRE"]
[SourceTitle "CBM 149 Extra"]
[Source "ChessBase"]
[SourceDate "2012.08.24"]
[SourceVersion "1"]
[SourceVersionDate "2012.08.24"]
[SourceQuality "1"]

1. d4 Nf6 2. c4 g6 3. Nc3 Bg7 4. e4 d6 5. f3 0-0 6. Be3 c6 7. Nge2 a6 8. c5 Nbd7 9. Qd2 b6 10. Na4 bxc5 11. dxc5 d5 12. Nd4 Bb7 13. Bd3 Ne5 14. Rd1 dxe4 15. fxe4 Nxd3+ 16. Qxd3 Qa5+ 17. Nc3 Rad8 18. Qc4 Nxe4 19. b4 Qa3 20. Rd3 Nxc3 21. Rxc3 Qa4 22. 0-0 a5 23. a3 axb4 24. axb4 Bxd4 25. Bxd4 Ba6 26. b5 Qxc4 0-1

[Event "GRE-chT 39th"]
[Site "Eretria"]
[Date "2011.07.03"]
[Round "1.5"]
[White "Galopoulos, Panagiotis"]
[Black "Kolomvakis, Stelios"]
[Result "1-0"]
[WhiteElo "2090"]
[BlackElo "1752"]
[PlyCount "51"]
[EventDate "2011.07.03"]
[EventType "team-swiss"]
[EventRounds "7"]
[EventCountry "GRE"]
[SourceTitle "CBM 143 Extra"]
[Source "ChessBase"]
[SourceDate "2011.08.29"]
[SourceVersion "1"]
[SourceVersionDate "2011.08.29"]
[SourceQuality "1"]
[WhiteTeam "Thessaloniki Galaxias"]
[BlackTeam "Heraklion OAA"]
[WhiteTeamCountry "GRE"]
[BlackTeamCountry "GRE"]

1. d4 d5 2. c4 e6 3. Nc3 Nf6 4. cxd5 exd5 5. Bg5 Be7 6. e3 c6 7. Bd3 0-0 8. Qc2 Nbd7 9. Nf3 Re8 10. 0-0 Nf8 11. h3 Ng6 12. Ne5 Nd7 13. Bxe7 Qxe7 14. f4 f6 15. Nxg6 Qxe3+ 16. Kh2 hxg6 17. Rae1 Qxe1 18. Rxe1 Rxe1 19. Bxg6 Nf8 20. f5 Bd7 21. Qb3 b6 22. Nxd5 Kh8 23. Qf3 Nxg6 24. fxg6 cxd5 25. Qh5+ Kg8 26. Qxd5+ 1-0

[Event "Porto Carras op 5th"]
[Site "Porto Carras"]
[Date "2010.07.14"]
[Round "5"]
[White "Nedev, Trajce"]
[Black "Galopoulos, Panagiotis"]
[Result "1-0"]
[WhiteElo "2506"]
[BlackElo "2095"]
[PlyCount "41"]
[EventDate "2010.07.11"]
[EventType "swiss"]
[EventRounds "9"]
[EventCountry "GRE"]
[SourceTitle "CBM 137 Extra"]
[Source "ChessBase"]
[SourceDate "2010.09.01"]
[SourceVersion "1"]
[SourceVersionDate "2010.09.01"]
[SourceQuality "1"]

1. e4 d5 2. exd5 Qxd5 3. Nc3 Qa5 4. d4 Nf6 5. Bd2 c6 6. Bc4 Bf5 7. Qe2 e6 8. d5 cxd5 9. Nxd5 Qd8 10. Nxf6+ gxf6 11. 0-0-0 Qc7 12. g4 Bxc2 13. Kxc2 b5 14. Bc3 bxc4 15. Bxf6 Rg8 16. Rd8+ Qxd8 17. Bxd8 Kxd8 18. Qf3 Nc6 19. Qxc6 Rc8 20. Qf3 Bg7 21. Qxf7 1-0

[Event "GRE-ch U16"]
[Site "Kallithea"]
[Date "2010.07.02"]
[Round "9"]
[White "Pappelis, Dimitrios"]
[Black "Galopoulos, Panagiotis"]
[Result "1/2-1/2"]
[WhiteElo "2023"]
[BlackElo "2090"]
[PlyCount "37"]
[EventDate "2010.06.26"]
[EventType "swiss"]
[EventRounds "9"]
[EventCountry "GRE"]
[SourceTitle "CBM 137 Extra"]
[Source "ChessBase"]
[SourceDate "2010.09.01"]
[SourceVersion "1"]
[SourceVersionDate "2010.09.01"]
[SourceQuality "1"]

1. e4 d5 2. exd5 Qxd5 3. Nc3 Qa5 4. d4 Nf6 5. Nf3 c6 6. Bc4 Bf5 7. Bd2 e6 8. Qe2 Bb4 9. a3 Nbd7 10. 0-0-0 Bxc3 11. Bxc3 Qc7 12. Ne5 b5 13. Bb3 Be4 14. Rhe1 Bd5 15. Bxd5 Nxd5 16. Qg4 0-0 17. Rd3 Nxe5 18. Rxe5 Nxc3 19. Rxc3 1/2-1/2

[Event "Thessaloniki op"]
[Site "Thessaloniki"]
[Date "2010.04.06"]
[Round "3"]
[White "Nikolaidou, Eleni"]
[Black "Galopoulos, Panagiotis"]
[Result "0-1"]
[WhiteElo "1807"]
[BlackElo "2090"]
[PlyCount "70"]
[EventDate "2010.04.04"]
[EventType "swiss"]
[EventRounds "9"]
[EventCountry "GRE"]
[SourceTitle "CBM 135 Extra"]
[Source "ChessBase"]
[SourceDate "2010.05.04"]
[SourceVersion "1"]
[SourceVersionDate "2010.05.04"]
[SourceQuality "1"]

1. e4 d5 2. exd5 Qxd5 3. Nc3 Qa5 4. d4 Nf6 5. Bc4 Nc6 6. Nge2 Bf5 7. Bd2 0-0-0 8. Nd5 Qa4 9. Bb3 Qa6 10. Ne3 Bg6 11. d5 Ne5 12. h3 e6 13. f4 Ned7 14. Bc3 Nb6 15. Bxf6 gxf6 16. f5 Bc5 17. fxg6 Bxe3 18. Qd3 Qxd3 19. cxd3 Nxd5 20. gxf7 Rhf8 21. Nc3 c6 22. Ke2 Bd4 23. Rac1 Nc7 24. Rhf1 Kd7 25. Ne4 Ke7 26. g4 Rxf7 27. Rf3 Bxb2 28. Rcf1 Rdf8 29. a4 Bd4 30. h4 h6 31. Nd2 Nd5 32. Bc4 Nc3+ 33. Ke1 Nxa4 34. Nb3 Bc3+ 35. Kd1 b5 0-1

[Event "Athens Acropolis op-A 24th"]
[Site "Chalkida"]
[Date "2009.08.18"]
[Round "9.46"]
[White "Galopoulos, Panagiotis"]
[Black "Efthimiadis, Ilias"]
[Result "1-0"]
[WhiteElo "2161"]
[BlackElo "1988"]
[PlyCount "137"]
[EventDate "2009.08.10"]
[EventType "swiss"]
[EventRounds "9"]
[EventCountry "GRE"]
[SourceTitle "CBM 131 Extra"]
[Source "ChessBase"]
[SourceDate "2009.09.03"]
[SourceVersion "2"]
[SourceVersionDate "2009.09.16"]
[SourceQuality "1"]

1. e4 c5 2. Nf3 d6 3. c3 Nf6 4. Be2 g6 5. 0-0 Bg7 6. d3 0-0 7. Bg5 Nc6 8. Nbd2 a6 9. Re1 h6 10. Be3 Ng4 11. Bf4 Bd7 12. Bg3 b5 13. h3 Nf6 14. e5 dxe5 15. Nxe5 Nxe5 16. Bxe5 Qb6 17. d4 Bc6 18. Bf3 Rfd8 19. dxc5 Qxc5 20. Bd4 Qd6 21. Bxc6 Qxc6 22. Rxe7 Nd5 23. Re4 f5 24. Re1 Bxd4 25. cxd4 Nf4 26. Nf3 Re8 27. Re3 g5 28. Qb3+ Kf8 29. Rae1 Rxe3 30. Qxe3 Re8 31. Qa3+ Kf7 32. Rxe8 Kxe8 33. Qe3+ Qe4 34. Qxe4+ fxe4 35. Nd2 Ne2+ 36. Kf1 Nxd4 37. Nxe4 Ke7 38. Ke1 a5 39. Kd2 Ke6 40. Kd3 Nc6 41. Nc3 b4 42. Nd1 Kd5 43. Ne3+ Kc5 44. Ng4 a4 45. Nxh6 Ne5+ 46. Kc2 Kd4 47. Nf5+ Ke4 48. Ng3+ Kd4 49. Ne2+ Ke4 50. a3 bxa3 51. bxa3 Nc4 52. Nc3+ Kd4 53. Nxa4 Nxa3+ 54. Kd2 Nc4+ 55. Ke2 Ke4 56. Nc5+ Kf5 57. Nd3 Nd6 58. Kf3 Nf7 59. Nb4 Ne5+ 60. Kg3 Ng6 61. Nd5 Ne5 62. f4 gxf4+ 63. Nxf4 Kg5 64. Ne2 Ng6 65. Nd4 Ne7 66. h4+ Kh5 67. Kh3 Ng8 68. g4+ Kg6 69. g5 1-0

[Event "GRE-ch U16"]
[Site "Kallithea"]
[Date "2009.06.28"]
[Round "6"]
[White "Galopoulos, Panagiotis"]
[Black "Georgantas, Antonios"]
[Result "1-0"]
[WhiteElo "2151"]
[BlackElo "1817"]
[PlyCount "47"]
[EventDate "2009.06.25"]
[EventType "swiss"]
[EventRounds "9"]
[EventCountry "GRE"]
[SourceTitle "EXT 2011"]
[Source "ChessBase"]
[SourceDate "2010.11.26"]
[SourceVersion "1"]
[SourceVersionDate "2010.11.26"]
[SourceQuality "1"]

1. e4 c5 2. Nf3 d6 3. c3 Nc6 4. d4 cxd4 5. cxd4 e6 6. Nc3 Nf6 7. d5 exd5 8. exd5 Ne5 9. Bb5+ Bd7 10. Nxe5 dxe5 11. 0-0 Bd6 12. Bg5 Bxb5 13. Nxb5 Qb6 14. Nc3 0-0-0 15. Bxf6 gxf6 16. Qf3 Be7 17. Rfd1 Kb8 18. Ne4 Rhg8 19. Rac1 Rg6 20. Rc3 a6 21. Rb3 Qa7 22. d6 Bf8 23. Nc5 b6 24. Qc6 1-0

[Event "GRE-ch U16"]
[Site "Kallithea"]
[Date "2009.06.26"]
[Round "3"]
[White "Hrisomalis, Theodoros"]
[Black "Galopoulos, Panagiotis"]
[Result "1-0"]
[WhiteElo "1982"]
[BlackElo "2151"]
[PlyCount "57"]
[EventDate "2009.06.25"]
[EventType "swiss"]
[EventRounds "9"]
[EventCountry "GRE"]
[SourceTitle "EXT 2011"]
[Source "ChessBase"]
[SourceDate "2010.11.26"]
[SourceVersion "1"]
[SourceVersionDate "2010.11.26"]
[SourceQuality "1"]

1. e4 c5 2. c3 Nf6 3. e5 Nd5 4. d4 cxd4 5. Nf3 Nc6 6. Bc4 Nb6 7. Bb3 d6 8. exd6 e6 9. Nxd4 Nxd4 10. Qxd4 Qxd6 11. Be3 e5 12. Qxd6 Bxd6 13. Nd2 0-0 14. 0-0-0 Bc7 15. Ne4 Bf5 16. Nd6 Bxd6 17. Rxd6 Nc8 18. Rd5 Be4 19. Rxe5 Bc6 20. Bc5 Rd8 21. Rf5 Rd7 22. Re1 Nb6 23. Re7 Rxe7 24. Bxe7 g6 25. Rxf7 Bd5 26. Rf3 Bxb3 27. axb3 Re8 28. Bc5 Re2 29. Re3 1-0

[Event "Thessaloniki Triandria op 2nd"]
[Site "Thessaloniki"]
[Date "2009.05.03"]
[Round "9"]
[White "Jevtic, Miroljub L"]
[Black "Galopoulos, Panagiotis"]
[Result "0-1"]
[WhiteElo "2173"]
[BlackElo "2151"]
[PlyCount "108"]
[EventDate "2009.04.27"]
[EventType "swiss"]
[EventRounds "9"]
[EventCountry "GRE"]
[SourceTitle "CBM 130 Extra"]
[Source "ChessBase"]
[SourceDate "2009.07.02"]
[SourceVersion "2"]
[SourceVersionDate "2009.07.15"]
[SourceQuality "1"]

1. d4 Nf6 2. c4 e6 3. Nc3 Bb4 4. Qc2 d5 5. e3 c5 6. a3 Bxc3+ 7. bxc3 Ne4 8. Bd3 Qa5 9. cxd5 exd5 10. Bxe4 dxe4 11. Qxe4+ Be6 12. Bd2 0-0 13. c4 Qa6 14. d5 Bd7 15. Nf3 Re8 16. Qf4 b5 17. 0-0 bxc4 18. Ne5 f6 19. Nxc4 g5 20. Qd6 Qxc4 21. Qxf6 Qe4 22. Qxg5+ Qg6 23. Qxg6+ hxg6 24. f3 Bb5 25. Rfc1 Nd7 26. e4 Bd3 27. Bf4 Rac8 28. Be3 Rc7 29. Rc3 c4 30. Bd4 Nc5 31. Rac1 Na4 32. d6 Nxc3 33. Rxc3 Rb7 34. Kf2 Kf7 35. Ke3 Ke6 36. Bc5 Rc8 37. Kd4 Rb5 38. Bxa7 Kxd6 39. Ke3 Rb2 40. g3 Rxh2 41. Rc1 Ra8 42. Bd4 g5 43. Bg7 Re2+ 44. Kd4 g4 45. e5+ Kc6 46. f4 Re4+ 47. Kc3 Rxa3+ 48. Kb4 Rb3+ 49. Ka4 Re2 50. Ra1 Reb2 51. e6 Rb4+ 52. Ka5 Rb5+ 53. Ka4 Bc2+ 54. Ka3 R2b3+ 0-1

[Event "Thessaloniki Triandria op 2nd"]
[Site "Thessaloniki"]
[Date "2009.04.28"]
[Round "3"]
[White "Galopoulos, Panagiotis"]
[Black "Sidorenko, Ilya"]
[Result "0-1"]
[WhiteElo "2151"]
[BlackElo "2357"]
[PlyCount "88"]
[EventDate "2009.04.27"]
[EventType "swiss"]
[EventRounds "9"]
[EventCountry "GRE"]
[SourceTitle "CBM 130 Extra"]
[Source "ChessBase"]
[SourceDate "2009.07.02"]
[SourceVersion "2"]
[SourceVersionDate "2009.07.15"]
[SourceQuality "1"]

1. e4 c5 2. c3 Nf6 3. e5 Nd5 4. d4 cxd4 5. Nf3 Nc6 6. cxd4 d6 7. Bc4 Nb6 8. Bb5 Bd7 9. Nc3 dxe5 10. dxe5 g6 11. 0-0 Bg7 12. Qe2 0-0 13. Rd1 Qc7 14. Bf4 Bg4 15. Bxc6 Qxc6 16. Rd3 Qc4 17. Bg3 Bf5 18. Rd4 Qxe2 19. Nxe2 Rac8 20. Rad1 Rc2 21. R1d2 Rxd2 22. Nxd2 Rc8 23. Nc3 f6 24. f4 fxe5 25. fxe5 Kf7 26. a4 Rc5 27. Nf3 h6 28. Kf2 a5 29. Rd2 Nc4 30. Re2 Bd3 31. Re1 Nxb2 32. e6+ Kg8 33. Ne4 Rc6 34. Be5 Bxe4 35. Bxb2 Bxf3 36. Bxg7 Kxg7 37. Kxf3 Kf6 38. Rb1 b6 39. Ke4 Rd6 40. Rb2 Kxe6 41. Rb5 Rc6 42. Kd4 Kd6 43. Rd5+ Kc7 44. Kd3 Rd6 0-1

[Event "EU-Cup 24th"]
[Site "Kallithea"]
[Date "2008.10.21"]
[Round "5"]
[White "Galopoulos, Panagiotis"]
[Black "Weindl, Alfred"]
[Result "0-1"]
[WhiteElo "2178"]
[BlackElo "2354"]
[PlyCount "108"]
[EventDate "2008.10.17"]
[EventType "team-swiss"]
[EventRounds "7"]
[EventCountry "GRE"]
[SourceTitle "CBM 127"]
[Source "ChessBase"]
[SourceDate "2008.11.13"]
[SourceVersion "1"]
[SourceVersionDate "2008.11.13"]
[SourceQuality "1"]
[WhiteTeam "Thessaloniki Galaxias"]
[BlackTeam "Reichenstein"]
[WhiteTeamCountry "GRE"]
[BlackTeamCountry "SUI"]

1. e4 c5 2. c3 Nf6 3. e5 Nd5 4. d4 cxd4 5. Nf3 Nc6 6. cxd4 d6 7. Bc4 Nb6 8. Bb5 dxe5 9. Nxe5 Bd7 10. Nxd7 Qxd7 11. Nc3 e6 12. 0-0 Be7 13. Qg4 0-0 14. Bxc6 bxc6 15. Bh6 Bf6 16. Rfd1 Kh8 17. Ne4 Rg8 18. Nxf6 gxf6 19. Qh4 Rg6 20. Rd3 Rag8 21. Rg3 Nd5 22. Rxg6 fxg6 23. Be3 Qb7 24. b3 Qa6 25. Qe4 Re8 26. Qc2 Kg7 27. Rc1 Re7 28. g3 Rc7 29. Qd2 Kf7 30. Bf4 Rd7 31. Rc2 g5 32. Be3 Rc7 33. Rc4 Kg7 34. Qc2 Qc8 35. Qe4 Qd7 36. h4 h6 37. h5 Qf7 38. g4 Kg8 39. Qc2 Qe8 40. Bc1 f5 41. f3 Qd7 42. Qh2 Nb6 43. Rb4 c5 44. dxc5 Qd1+ 45. Kg2 Rxc5 46. Be3 Rc2+ 47. Bf2 Rxf2+ 48. Kxf2 Qd2+ 49. Kg1 Qxb4 50. Qb8+ Kf7 51. Qxa7+ Kf6 52. Qb8 fxg4 53. Qd8+ Kf5 54. Qd3+ Kf4 0-1

[Event "EU-Cup 24th"]
[Site "Kallithea"]
[Date "2008.10.20"]
[Round "4"]
[White "Argandona Riveiro, Inigo"]
[Black "Galopoulos, Panagiotis"]
[Result "1-0"]
[WhiteElo "2385"]
[BlackElo "2178"]
[PlyCount "51"]
[EventDate "2008.10.17"]
[EventType "team-swiss"]
[EventRounds "7"]
[EventCountry "GRE"]
[SourceTitle "CBM 127"]
[Source "ChessBase"]
[SourceDate "2008.11.13"]
[SourceVersion "1"]
[SourceVersionDate "2008.11.13"]
[SourceQuality "1"]
[WhiteTeam "Iretza Gros"]
[BlackTeam "Thessaloniki Galaxias"]
[WhiteTeamCountry "ESP"]
[BlackTeamCountry "GRE"]

1. Nf3 Nf6 2. c4 e6 3. g3 b6 4. Bg2 Bb7 5. 0-0 Be7 6. Nc3 0-0 7. d4 Ne4 8. Qc2 Nxc3 9. bxc3 Nc6 10. d5 Na5 11. Nd2 e5 12. Qa4 c6 13. Nb3 Nxb3 14. axb3 b5 15. cxb5 cxd5 16. Be3 Qc7 17. Rfd1 e4 18. c4 dxc4 19. Rac1 d5 20. bxc4 Qe5 21. cxd5 Bxd5 22. Rxd5 Qxd5 23. Bxe4 Qd7 24. Bc6 Qf5 25. Bxa8 Rxa8 26. b6 1-0

[Event "GRE-chT U16"]
[Site "Chalkida"]
[Date "2008.10.12"]
[Round "4.5"]
[White "Papadogiannis, Sevastianos"]
[Black "Galopoulos, Panagiotis"]
[Result "0-1"]
[WhiteElo "1914"]
[BlackElo "2178"]
[PlyCount "52"]
[EventDate "2008.10.11"]
[EventType "team-swiss"]
[EventRounds "5"]
[EventCountry "GRE"]
[SourceTitle "EXT 2011"]
[Source "ChessBase"]
[SourceDate "2010.11.26"]
[SourceVersion "1"]
[SourceVersionDate "2010.11.26"]
[SourceQuality "1"]

1. e4 c5 2. Nf3 Nc6 3. d4 cxd4 4. Nxd4 Nf6 5. Nc3 e5 6. Ndb5 d6 7. Bg5 a6 8. Na3 b5 9. Nd5 Be7 10. Bxf6 Bxf6 11. c3 0-0 12. Nc2 Bg5 13. a4 bxa4 14. Rxa4 a5 15. Bc4 Rb8 16. b3 Kh8 17. g3 f5 18. h4 Bh6 19. f3 fxe4 20. fxe4 Qe8 21. h5 Qd8 22. g4 Qg5 23. Nce3 Ne7 24. Rh3 Nxd5 25. exd5 e4 26. Qe2 Rf3 0-1

[Event "EU-ch U14 18th"]
[Site "Herceg Novi"]
[Date "2008.09.19"]
[Round "5"]
[White "Lortkipanidze, Nodar"]
[Black "Galopoulos, Panagiotis"]
[Result "0-1"]
[WhiteElo "2080"]
[BlackElo "2003"]
[PlyCount "52"]
[EventDate "2008.09.15"]
[EventType "swiss"]
[EventRounds "9"]
[EventCountry "MNE"]
[SourceTitle "CBM 126 Extra"]
[Source "ChessBase"]
[SourceDate "2008.11.05"]
[SourceVersion "1"]
[SourceVersionDate "2008.11.05"]
[SourceQuality "1"]

1. e4 c5 2. c3 Nf6 3. e5 Nd5 4. d4 cxd4 5. cxd4 d6 6. Bc4 Nb6 7. Bb5+ Bd7 8. e6 fxe6 9. Bxd7+ Qxd7 10. Nf3 Nc6 11. 0-0 g6 12. Nc3 Bg7 13. Re1 0-0 14. h4 Rf5 15. Ne4 Raf8 16. Neg5 e5 17. Qb3+ d5 18. dxe5 Nxe5 19. Nd4 Nbc4 20. Nxf5 Qxf5 21. Nh3 Nd3 22. Rxe7 Nxf2 23. Ng5 Bd4 24. Nf3 Ng4+ 25. Kh1 Qf6 26. Qxb7 Qxh4+ 0-1